Private equity a venture kapitál

Pojem private equity a venture kapital. Rozdiel medzi private equity a venture kapitálom. Globálne private equity a zvyšovanie investícii. Rozdelenie investorov podľa jednotlivých typov, ktorí sa podielali na tvorbe fondov private equity vytvorených v rokoch. Klasifikácia venture kapitálu. Investori...

Descrizione completa

Salvato in:
Dettagli Bibliografici
Autore principale: Oravíková Podoliaková, Katarína
Natura: Capitolo di libro
Lingua:slovacco
Soggetti:
Tags: Aggiungi Tag
Nessun Tag, puoi essere il primo ad aggiungerne!!

MARC

LEADER 00000nla a2200000 4500
001 0159637
005 20240502072751.4
041 0 |a slo 
044 |a SK 
245 1 0 |a Private equity a venture kapitál  |c Katarína Oravíková Podoliaková 
520 |a Pojem private equity a venture kapital. Rozdiel medzi private equity a venture kapitálom. Globálne private equity a zvyšovanie investícii. Rozdelenie investorov podľa jednotlivých typov, ktorí sa podielali na tvorbe fondov private equity vytvorených v rokoch. Klasifikácia venture kapitálu. Investori rizikového a rozvojového kapitálu. Vývoj jednotlivých typov investícií venture kapitálu. Vlastnosti jednotlivých typov investícií venture kapitálu. 
610 2 0 |a kapitál rizikový 
610 2 0 |a kapitál rozvojový 
610 2 0 |a investori 
610 2 0 |a investovanie 
610 2 0 |a podnik 
610 2 0 |a pojmy 
610 2 0 |a rast podniku 
100 1 |a Oravíková Podoliaková, Katarína